[Event "20. Open d'escacs de Sants 2018"]
[Site "Barcelona ESP"]
[Date "2018.08.25"]
[Round "9.12"]
[White "OOTES, Lars"]
[Black "VETOSHKO, Volodymyr"]
[Result "0-1"]
[WhiteElo "2379"]
[BlackElo "2525"]
[PlyCount "90"]
[EventDate "2018.08.17"]
[EventType "swiss"]
[EventRounds "10"]
[EventCountry "ESP"]
[SourceTitle "Ajedrez en Madrid"]
[Source "lmi"]
[SourceDate "2018.08.17"]
[SourceVersion "1"]
[SourceVersionDate "2019.07.10"]
[SourceQuality "1"]

1. e4 c5 2. Nf3 e6 3. d4 cxd4 4. Nxd4 a6 5. Bd3 Ne7 6. Be3 Nbc6 7. Nxc6 Nxc6 8.
Nd2 Be7 9. c3 Ne5 10. Bc2 Qc7 11. f4 Ng6 12. Qg4 h5 13. Qf3 b5 14. Qf2 Bb7 15.
Rf1 Rc8 16. Nb3 b4 17. Bb6 Qb8 18. Bd4 O-O 19. O-O-O bxc3 20. Bxc3 Nxf4 21.
Rxd7 Bg5 22. Kb1 Bc6 23. Rdd1 Bb5 24. Rfe1 Rfd8 25. Rxd8+ Rxd8 26. Qc5 f6 27.
Nd4 Nxg2 28. Rg1 Nf4 29. h4 Rc8 30. Qb4 Nd3 31. Qe7 Re8 32. Qa3 Be3 33. Rd1
Bxd4 34. Bxd4 Ne5 35. Rg1 Qc7 36. Qe3 Rc8 37. Bb3 Kf7 38. a3 Ng4 39. Qf3 Bc4
40. Bd1 Qd6 41. Bc3 Bd3+ 42. Ka2 Rxc3 43. bxc3 Bc4+ 44. Ka1 Qd2 45. Kb1 Bd3+
0-1

[Event "20. Open d'escacs de Sants 2018"]
[Site "Barcelona ESP"]
[Date "2018.08.25"]
[Round "9.21"]
[White "KEYMER, Vincent"]
[Black "VEINBERG, Nimrod"]
[Result "1-0"]
[WhiteElo "2493"]
[BlackElo "2389"]
[PlyCount "97"]
[EventDate "2018.08.17"]
[EventType "swiss"]
[EventRounds "10"]
[EventCountry "ESP"]
[SourceTitle "Ajedrez en Madrid"]
[Source "lmi"]
[SourceDate "2018.08.17"]
[SourceVersion "1"]
[SourceVersionDate "2019.07.10"]
[SourceQuality "1"]

1. d4 Nf6 2. c4 e6 3. Nf3 d5 4. Nc3 c6 5. e3 Nbd7 6. Qc2 Bd6 7. Bd3 dxc4 8.
Bxc4 O-O 9. O-O Qe7 10. h3 e5 11. Bb3 Bc7 12. Bd2 a5 13. a3 h6 14. Nh4 Re8 15.
Nf5 Qd8 16. Rad1 exd4 17. Ne2 d3 18. Qxd3 Nc5 19. Qxd8 Rxd8 20. Nfd4 Nxb3 21.
Nxb3 Bf5 22. Ned4 Bg6 23. a4 Bb6 24. Rc1 Ne4 25. Bc3 Rd5 26. f3 Nxc3 27. bxc3
c5 28. Ne2 Re5 29. e4 f5 30. Nd2 c4+ 31. Kh1 Bf7 32. f4 Re7 33. e5 Be3 34. Rcd1
Bd5 35. Nf3 Be4 36. Nfd4 g6 37. Kh2 Rd7 38. Nb5 Rxd1 39. Rxd1 Bd3 40. g3 Bxe2
41. Re1 Bf3 42. Rxe3 Bd1 43. Nd6 Bxa4 44. Nxc4 Bb3 45. Nd6 a4 46. e6 a3 47. e7
Bf7 48. Re1 Ra6 49. Nxf7 1-0

[Event "20. Open d'escacs de Sants 2018"]
[Site "Barcelona ESP"]
[Date "2018.08.25"]
[Round "9.28"]
[White "SHYAAMNIKHIL, P."]
[Black "GUKESH, D."]
[Result "1-0"]
[WhiteElo "2389"]
[BlackElo "2440"]
[PlyCount "97"]
[EventDate "2018.08.17"]
[EventType "swiss"]
[EventRounds "10"]
[EventCountry "ESP"]
[SourceTitle "Ajedrez en Madrid"]
[Source "lmi"]
[SourceDate "2018.08.17"]
[SourceVersion "1"]
[SourceVersionDate "2019.07.10"]
[SourceQuality "1"]

1. g3 e5 2. c4 Nc6 3. Bg2 d6 4. Nc3 Be6 5. Nd5 Qd7 6. d3 Nge7 7. Bd2 Nd8 8. Bc3
c6 9. Ne3 f5 10. d4 f4 11. Nc2 Bxc4 12. dxe5 Nd5 13. Qd4 Bb5 14. Bxd5 cxd5 15.
Nf3 Ne6 16. Qxd5 Bc6 17. Qd2 O-O-O 18. gxf4 Qf7 19. Ncd4 Nxd4 20. Qxd4 b6 21.
Rg1 Bxf3 22. exf3 dxe5 23. Qe4 Qxf4 24. Bxe5 Qxe4+ 25. fxe4 Re8 26. f4 Rg8 27.
Rc1+ Kb7 28. Rc7+ Ka6 29. Ke2 g5 30. Rxh7 Bc5 31. Rg3 gxf4 32. Rxg8 Rxg8 33.
Kf3 Rg1 34. Bxf4 Rf1+ 35. Kg4 Rf2 36. Be5 Re2 37. Kf5 Rf2+ 38. Ke6 Re2 39. Rh4
Kb5 40. Rg4 Re1 41. h4 Kc4 42. Bf6 Kd3 43. e5 Re2 44. h5 Rxb2 45. h6 Rh2 46.
Rh4 Rxh4 47. Bxh4 Bf8 48. h7 Bg7 49. Bf6 1-0